Central Library OPAC University of Rajshahi

Textbook of salesmanship / (Record no. 53102)

MARC details
000 -LEADER
fixed length control field 00751nam a2200253 a 4500
001 - CONTROL NUMBER
control field 53102
003 - CONTROL NUMBER IDENTIFIER
rucl marc code BD-RjUL
005 - DATE AND TIME OF LATEST TRANSACTION
control field 20211209075917.0
008 - FIXED-LENGTH DATA ELEMENTS--GENERAL INFORMATION
fixed length control field 161128s1959 nyua 000 0 eng
035 ## - SYSTEM CONTROL NUMBER
System control number (BD-RjUL)53222
040 ## - CATALOGING SOURCE
Transcribing agency BD-RjUL
Modifying agency BD-RjUL
Language of cataloging eng
Original cataloging agency BD-RjUL
041 ## - LANGUAGE CODE
Language code of text/sound track or separate title eng
082 ## - DEWEY DECIMAL CLASSIFICATION NUMBER
Classification number 658.81
Author mark and year RUT 1959
Edition number 23
100 1# - MAIN ENTRY--PERSONAL NAME
Personal name Russell, Frederic Arthur,
Dates associated with a name 1886-
9 (RLIN) 158716
245 00 - TITLE STATEMENT
Title Textbook of salesmanship /
Statement of responsibility, etc. Frederic A. Russell, Frank H. Beach.
250 ## - EDITION STATEMENT
Edition statement 6th ed.
260 ## - PUBLICATION, DISTRIBUTION, ETC. (IMPRINT)
Place of publication, distribution, etc. New York :
Name of publisher, distributor, etc. McGraw-Hill,
Date of publication, distribution, etc. 1959
300 ## - PHYSICAL DESCRIPTION
Pagination ix,566 p. :
Illustrations ill. ;
Size 24 cm.
500 ## - GENERAL NOTE
General note include index
650 ## - SUBJECT ADDED ENTRY--TOPICAL TERM
Topical term or geographic name as entry element Selling
9 (RLIN) 158717
Topical term or geographic name as entry element Sales personnel
9 (RLIN) 146587
700 1# - ADDED ENTRY--PERSONAL NAME
Personal name Beach, Frank Herman,
Relator term joint author.
942 ## - ADDED ENTRY ELEMENTS (KOHA)
Source of classification or shelving scheme Dewey Decimal Classification
Koha item type Books
Holdings
Lost status Source of classification or shelving scheme Damaged status Not for loan Collection code Permanent Location Current Location Shelving location Date acquired Source of acquisition Cost, normal purchase price Total Checkouts Full call number Date last seen Copy number Koha item type
  Dewey Decimal Classification     Non-fiction Central Library, University of Rajshahi Central Library, University of Rajshahi   21/03/1963 Zeitlinger 54.00   658.81 RUT 1959 28/11/2016 C-2 Books
  Dewey Decimal Classification     Non-fiction Central Library, University of Rajshahi Central Library, University of Rajshahi   21/03/1963 Zetlinger 54.00   658.81 RUT 1959 07/12/2019 C-3 Books
  Dewey Decimal Classification     Non-fiction Central Library, University of Rajshahi Central Library, University of Rajshahi   21/03/1963 Zetlinger 54.00   658.81 RUT 1959 07/12/2019 C-4 Books